000 00836nam a2200265 i 4500
001 171596
003 ES-MaACL
005 20230906214655.0
008 090521s1982 be |||| | fre d
020 _a2-87027-100-X
080 _a929 Mata Hari
100 1 _aKupferman, Fred.
_9140273
245 1 0 _aMata Hari
_b: songes et mensonges /
_cFred Kupferman.
246 1 3 _a1917, L'affaire Mata-Hari
260 _aBruxelles :
_bÉditions Complexe,
_c1982.
300 _a158 p. :
_bil., fot. ;
_c18 cm.
490 1 _aLa mémoire du siècle ;
_v23
500 _aCronología.
500 _aÍndice.
504 _aBibliografía.
600 0 4 _aMata Hari.
_978892
830 0 _aLa mémoire du siècle ;
_v23
_9189027
852 4 _aES-MaACL
_jE-12659
_9R.140265
_z. - Biblioteca Jacinto Martínez Lacalle
999 _c171596
_d171596